Nový pohľad na opisy práce

Opisy práce pričasto hovoria o činnostiach, ktoré má daný pracovník vykonávať, miesto toho, aby hovorili o kritických prínosoch jeho práce pre podnik. Časti, ktoré treba do dobrého opisu práce zahrnúť.

Na minha lista:
Detalhes bibliográficos
Autor principal: Moore, Ken
Formato: Capítulo de Livro
Idioma:eslovaco
Assuntos:
Tags: Adicionar Tag
Sem tags, seja o primeiro a adicionar uma tag!

MARC

LEADER 00000naa a2200000 4500
001 0236694
005 20171023091504.5
041 0 |a slo 
044 |a SK 
245 1 0 |a Nový pohľad na opisy práce  |c Ken Moore 
520 |a Opisy práce pričasto hovoria o činnostiach, ktoré má daný pracovník vykonávať, miesto toho, aby hovorili o kritických prínosoch jeho práce pre podnik. Časti, ktoré treba do dobrého opisu práce zahrnúť. 
610 2 0 |a práca 
610 2 0 |a dokumenty 
610 2 0 |a povinnosti pracovníkov 
610 2 0 |a zodpovednosť pracovníka 
610 2 0 |a výkony pracovné 
610 2 0 |a kvalifikácia 
100 1 |a Moore, Ken